000
00264nam a22001217a 4500
020
_a
NA
082
_2
22
_a
518.02462
100
_a
Grewal, B. S.
245
_a
Numerical methods /
260
_b
Khanna Publishers,
_c
c2004.
300
_a
0
_b
ill. ;
942
_2
ddc
_c
MATHS
999
_c
3964
_d
3964